[Event "Stuttgart-chA int"]
[Site "Ditzingen"]
[Date "2012.05.18"]
[Round "3"]
[White "Fahnenschmidt, Gerhard"]
[Black "Dorst, Johannes"]
[Result "1-0"]
[WhiteElo "2012"]
[BlackElo "2223"]
[PlyCount "97"]
[EventDate "2012.05.17"]
[EventType "swiss"]
[EventRounds "7"]
[EventCountry "GER"]
[SourceTitle "EXT 2018"]
[Source "ChessBase"]
[SourceDate "2017.10.13"]
[SourceVersion "1"]
[SourceVersionDate "2017.10.13"]
[SourceQuality "1"]

1. c4 e5 2. Nc3 Nc6 3. Nf3 f5 4. d4 e4 5. Nd2 Nf6 6. e3 g6 7. h3 Bg7 8. g4 d6 9. g5 Ng8 10. h4 h6 11. Rg1 hxg5 12. hxg5 Qe7 13. Nd5 Qf7 14. b4 Kd8 15. b5 Nce7 16. Nf4 Rh4 17. Bb2 Bd7 18. c5 Rxf4 19. exf4 dxc5 20. Bc4 Be6 21. d5 Nxd5 22. Bxg7 Qxg7 23. Nxe4 fxe4 24. Bxd5 Qc3+ 25. Kf1 Bh3+ 26. Rg2 Ke7 27. Bxe4 Qc4+ 28. Qd3 Qxd3+ 29. Bxd3 Kf7 30. Bc4+ Kf8 31. Re1 Ne7 32. Be6 Bxg2+ 33. Kxg2 Rd8 34. Re5 b6 35. f5 Nxf5 36. Bxf5 gxf5 37. Rxf5+ Kg7 38. Kg3 a6 39. bxa6 Ra8 40. Re5 Rxa6 41. Re7+ Kf8 42. Rxc7 Rxa2 43. f4 Rc2 44. g6 Re2 45. f5 c4 46. Rxc4 Kg7 47. Rc7+ Kf6 48. Rf7+ Kg5 49. g7 1-0

[Event "Stuttgart-ch op-A"]
[Site "Ditzingen"]
[Date "2012.05.17"]
[Round "1"]
[White "Fahnenschmidt, Gerhard"]
[Black "Ackermann, Hans Werner"]
[Result "0-1"]
[WhiteElo "2012"]
[BlackElo "2290"]
[PlyCount "74"]
[EventDate "2012.05.17"]
[EventType "swiss"]
[EventRounds "7"]
[EventCountry "GER"]
[SourceTitle "EXT 2015"]
[Source "ChessBase"]
[SourceDate "2014.11.20"]
[SourceVersion "1"]
[SourceVersionDate "2014.11.20"]
[SourceQuality "1"]

1. c4 c5 2. Nf3 Nc6 3. d4 cxd4 4. Nxd4 g6 5. e4 Bg7 6. Be3 Nf6 7. Nc3 d6 8. Be2 0-0 9. 0-0 Bd7 10. f4 a6 11. Bf3 Rc8 12. Rc1 Nxd4 13. Bxd4 Bc6 14. Nd5 Nd7 15. Bxg7 Kxg7 16. Qd4+ e5 17. Qc3 Bxd5 18. exd5 f6 19. Bg4 f5 20. Bh3 h5 21. Rfe1 Kh7 22. Qa3 Qb6+ 23. Kh1 e4 24. b4 Qc7 25. Re3 a5 26. bxa5 Ra8 27. Qb2 Rxa5 28. Rb3 Nc5 29. Rb1 Nxb3 30. axb3 Qg7 31. Qe2 Ra1 32. Rd1 Rxd1+ 33. Qxd1 Ra8 34. Bxf5 Ra1 35. Bxg6+ Kxg6 36. f5+ Kf7 37. Qg1 Qd4 0-1

[Event "Bad Woerishofen Seniors op 28th"]
[Site "Bad Woerishofen"]
[Date "2012.03.07"]
[Round "6.51"]
[White "Van Houten, Henk"]
[Black "Fahnenschmidt, Gerhard"]
[Result "0-1"]
[WhiteElo "1514"]
[BlackElo "1873"]
[PlyCount "44"]
[EventDate "2012.03.02"]
[EventType "swiss"]
[EventRounds "9"]
[EventCountry "GER"]
[SourceTitle "EXT 2022"]
[Source "ChessBase"]
[SourceDate "2021.10.06"]
[SourceVersion "1"]
[SourceVersionDate "2021.10.06"]
[SourceQuality "1"]

1. b3 e5 2. Bb2 Nc6 3. c4 Nf6 4. a3 d5 5. cxd5 Nxd5 6. e3 Bd6 7. Ne2 0-0 8. Nbc3 Be6 9. Nxd5 Bxd5 10. Nc3 Be6 11. Bc4 Qf6 12. Bxe6 fxe6 13. f3 Qf5 14. 0-0 Rf6 15. Rc1 e4 16. Nb5 Rh6 17. Nxd6 cxd6 18. g4 Qg6 19. f4 Rh4 20. Qe2 Rxg4+ 21. Kh1 Rf8 22. Rc4 d5 0-1

[Event "Bad Woerishofen Seniors op 28th"]
[Site "Bad Woerishofen"]
[Date "2012.03.06"]
[Round "5.51"]
[White "Fahnenschmidt, Gerhard"]
[Black "Goris Schouwstra, Adry"]
[Result "0-1"]
[WhiteElo "1873"]
[BlackElo "1999"]
[PlyCount "60"]
[EventDate "2012.03.02"]
[EventType "swiss"]
[EventRounds "9"]
[EventCountry "GER"]
[SourceTitle "EXT 2022"]
[Source "ChessBase"]
[SourceDate "2021.10.06"]
[SourceVersion "1"]
[SourceVersionDate "2021.10.06"]
[SourceQuality "1"]

1. c4 c5 2. Nf3 Nc6 3. e3 e6 4. d4 Nf6 5. d5 exd5 6. cxd5 Nb4 7. Nc3 d6 8. a3 Na6 9. b4 cxb4 10. axb4 Nc7 11. Bc4 Be7 12. 0-0 0-0 13. e4 Nd7 14. Bf4 Nb6 15. Bb3 Bg4 16. h3 Bh5 17. g4 Bg6 18. Re1 a6 19. e5 dxe5 20. Bxe5 Bd6 21. Qd4 Bxe5 22. Nxe5 Nc8 23. Nxg6 hxg6 24. d6 Kh8 25. Rad1 Nb5 26. Nxb5 axb5 27. Qf4 Ra6 28. Bxf7 Rxd6 29. Rxd6 Nxd6 30. Re6 Nxf7 0-1

[Event "Stuttgart-chA int"]
[Site "Gerlingen"]
[Date "2011.06.03"]
[Round "4"]
[White "Keough, Robert W"]
[Black "Fahnenschmidt, Gerhard"]
[Result "1/2-1/2"]
[WhiteElo "2106"]
[BlackElo "2014"]
[PlyCount "109"]
[EventDate "2011.06.02"]
[EventType "swiss"]
[EventRounds "7"]
[EventCountry "GER"]
[SourceTitle "EXT 2018"]
[Source "ChessBase"]
[SourceDate "2017.10.13"]
[SourceVersion "1"]
[SourceVersionDate "2017.10.13"]
[SourceQuality "1"]

1. e4 c5 2. d4 cxd4 3. c3 Nf6 4. e5 Nd5 5. cxd4 d6 6. Nf3 Nc6 7. exd6 exd6 8. Qb3 Be6 9. Qxb7 Ndb4 10. Bb5 Bd5 11. Bxc6+ Nxc6 12. Qb5 Bxf3 13. gxf3 Qd7 14. d5 Nd4 15. Qd3 Rc8 16. Nc3 Nf5 17. Bg5 Be7 18. Bxe7 Nxe7 19. 0-0-0 0-0 20. Rhg1 Rc5 21. Kb1 Kh8 22. Qd4 Nf5 23. Qg4 Rb8 24. Rd3 Qc8 25. Ka1 Rc4 26. Qg5 f6 27. Qd2 Qb7 28. Rg4 Rcc8 29. a3 Qd7 30. Re4 Rb3 31. Ne2 Rb6 32. Nd4 Rcb8 33. b4 a5 34. Nc6 axb4 35. Nxb8 Rxb8 36. Rxb4 Ra8 37. Qb2 Qe8 38. Ka2 h5 39. Rdb3 Kh7 40. Qc2 Qe5 41. Rb8 Ra5 42. R3b5 Ra7 43. a4 Kh6 44. a5 Kg6 45. Ka3 Qf4 46. Qe4 Qc1+ 47. Kb3 Re7 48. Qc2 Qf4 49. Qd3 Qc1 50. Rb4 Re1 51. a6 Qa1 52. R8b6 Rb1+ 53. Kc4 Rc1+ 54. Kb3 Rb1+ 55. Kc4 1/2-1/2

[Event "Stuttgart op"]
[Site "Gerlingen"]
[Date "2011.06.02"]
[Round "1"]
[White "Fahnenschmidt, Gerhard"]
[Black "Strunski, Andreas"]
[Result "0-1"]
[WhiteElo "2014"]
[BlackElo "2347"]
[PlyCount "84"]
[EventDate "2011.06.02"]
[EventType "swiss"]
[EventRounds "7"]
[EventCountry "GER"]
[SourceTitle "CBM 142 Extra"]
[Source "ChessBase"]
[SourceDate "2011.06.27"]
[SourceVersion "1"]
[SourceVersionDate "2011.06.27"]
[SourceQuality "1"]

1. c4 g6 2. e4 Bg7 3. d4 d6 4. Nc3 Nf6 5. Be2 0-0 6. Bg5 Na6 7. f4 Qe8 8. Nf3 e5 9. fxe5 dxe5 10. dxe5 Ng4 11. Nd5 c6 12. Nf6+ Bxf6 13. Bxf6 Nxf6 14. exf6 Qxe4 15. 0-0 Bg4 16. Qd2 Rfe8 17. Rae1 Qe3+ 18. Qxe3 Rxe3 19. Kf2 Re6 20. Kg3 Bxf3 21. Bxf3 Rxf6 22. Re7 Rb8 23. a3 Kf8 24. Rfe1 Nc5 25. b4 Re6 26. R1xe6 Nxe6 27. Rd7 Ke8 28. Rd1 Rd8 29. Rb1 Rd3 30. a4 c5 31. bxc5 Nxc5 32. a5 Nb3 33. Kf4 Nxa5 34. c5 Rb3 35. Re1+ Kf8 36. Kg5 Kg7 37. Re7 Rb4 38. g4 Nc6 39. Rc7 Ne5 40. Be2 h6+ 41. Kh4 Rb3 42. Re7 g5+ 0-1

[Event "Stuttgart-chA int"]
[Site "Ditzingen"]
[Date "2010.05.15"]
[Round "6"]
[White "Guenthner, Arthur"]
[Black "Fahnenschmidt, Gerhard"]
[Result "0-1"]
[WhiteElo "1897"]
[BlackElo "2059"]
[PlyCount "60"]
[EventDate "2010.05.13"]
[EventType "swiss"]
[EventRounds "7"]
[EventCountry "GER"]
[SourceTitle "EXT 2018"]
[Source "ChessBase"]
[SourceDate "2017.10.13"]
[SourceVersion "1"]
[SourceVersionDate "2017.10.13"]
[SourceQuality "1"]

1. d4 Nf6 2. c4 e6 3. Nc3 Bb4 4. Qc2 c5 5. dxc5 Nc6 6. Nf3 Bxc5 7. g3 0-0 8. Bg2 d5 9. cxd5 exd5 10. 0-0 Re8 11. Bg5 Nb4 12. Qd2 d4 13. Nb5 Qb6 14. Bxf6 Qxf6 15. Nc7 Bg4 16. Nxa8 d3 17. exd3 Bxf3 18. Bxf3 Qxf3 19. d4 Bd6 20. Nc7 Re2 21. Qc3 Nd3 22. Rad1 Rxf2 23. Rxf2 Qxf2+ 24. Kh1 Qf3+ 25. Kg1 Qxd1+ 26. Kg2 Qe2+ 27. Kh3 Qf1+ 28. Kh4 Be7+ 29. Kg4 h5+ 30. Kxh5 Qf5# 0-1

[Event "Stuttgart-ch"]
[Site "Stuttgart"]
[Date "2010.05.13"]
[Round "1"]
[White "Ikonnikov, Vyacheslav"]
[Black "Fahnenschmidt, Gerhard"]
[Result "1-0"]
[WhiteElo "2562"]
[BlackElo "2059"]
[PlyCount "77"]
[EventDate "2010.05.13"]
[EventType "swiss"]
[EventRounds "7"]
[EventCountry "GER"]
[SourceTitle "CBM 136 Extra"]
[Source "ChessBase"]
[SourceDate "2010.07.02"]
[SourceVersion "2"]
[SourceVersionDate "2010.07.15"]
[SourceQuality "1"]

1. d4 Nf6 2. Nf3 e6 3. c4 b6 4. g3 Ba6 5. b3 d5 6. cxd5 exd5 7. Bg2 Bd6 8. 0-0 Nbd7 9. Nh4 g6 10. Nc3 c6 11. Bg5 h6 12. Bd2 Qe7 13. Re1 Ne4 14. Nxe4 dxe4 15. Qc2 0-0 16. Bxe4 Rac8 17. Bxh6 Rfe8 18. Bxg6 Qf6 19. Bf5 Re7 20. Qd2 Rce8 21. Bg5 Bb4 22. Qf4 Qg7 23. Bxd7 Bxe1 24. Bxe7 Rxe7 25. Nf5 Qf6 26. Nxe7+ Qxe7 27. Qg4+ Kf8 28. Rxe1 Bb7 29. Bc8 Ba8 30. e4 Qb4 31. Rd1 c5 32. d5 b5 33. d6 Bc6 34. d7 Bxd7 35. Bxd7 c4 36. Bf5 cxb3 37. axb3 Ke7 38. Qg5+ f6 39. Qg7+ 1-0

[Event "Seefeld op 19th"]
[Site "Seefeld"]
[Date "2008.09.11"]
[Round "7"]
[White "Oettinger, Hagen"]
[Black "Fahnenschmidt, Gerhard"]
[Result "1-0"]
[WhiteElo "2108"]
[BlackElo "2058"]
[PlyCount "41"]
[EventDate "2008.09.05"]
[EventType "swiss"]
[EventRounds "9"]
[EventCountry "AUT"]
[SourceTitle "EXT 2010"]
[Source "ChessBase"]
[SourceDate "2010.11.25"]
[SourceVersion "1"]
[SourceVersionDate "2010.11.25"]
[SourceQuality "1"]

1. d4 Nf6 2. Nf3 c5 3. d5 b5 4. c4 b4 5. g3 g6 6. Bg2 Bg7 7. 0-0 0-0 8. Re1 d6 9. e4 Bg4 10. Nbd2 Qc8 11. Qc2 h6 12. e5 Nfd7 13. e6 Nf6 14. Nh4 g5 15. Nf5 Bxf5 16. Qxf5 fxe6 17. Qg6 exd5 18. Rxe7 Ne8 19. Bxd5+ Kh8 20. Rxg7 Qf5 21. Rh7# 1-0

[Event "EU-ch Seniors 07th"]
[Site "Hockenheim"]
[Date "2007.06.10"]
[Round "9"]
[White "Fahnenschmidt, Gerhard"]
[Black "Niebling, Ferdinand"]
[Result "0-1"]
[WhiteElo "2134"]
[BlackElo "2226"]
[PlyCount "84"]
[EventDate "2007.06.02"]
[EventType "swiss"]
[EventRounds "9"]
[EventCountry "GER"]
[SourceTitle "CBM 118 Extra"]
[Source "ChessBase"]
[SourceDate "2007.07.04"]
[SourceVersion "1"]
[SourceVersionDate "2007.07.04"]
[SourceQuality "1"]

1. c4 e5 2. Nc3 Nf6 3. Nf3 Nc6 4. d4 e4 5. Ng5 h6 6. Ngxe4 Nxe4 7. Nxe4 Qh4 8. Qd3 d5 9. cxd5 Nb4 10. Qb5+ Kd8 11. Nc5 Nc2+ 12. Kd1 Nxa1 13. Be3 Bxc5 14. dxc5 Qe4 15. Qd3 Bf5 16. Qxe4 Bxe4 17. Bd4 f6 18. Kd2 Bxd5 19. b4 Bxa2 20. Bxa1 a5 21. b5 Bc4 22. e4 Bxf1 23. Rxf1 Ke7 24. e5 Rhd8+ 25. Ke3 f5 26. Bb2 Ke6 27. f4 Rd5 28. g4 Rxc5 29. gxf5+ Kxf5 30. Rg1 g6 31. e6 Re8 32. Be5 Rxe6 33. Kd4 Rxb5 34. Bxc7 Re4+ 35. Kd3 Rd5+ 36. Kc3 Rc5+ 37. Kd3 Rxc7 38. Rb1 Rb4 39. Re1 Rxf4 40. Re8 Rd7+ 41. Ke3 Rb4 42. Ke2 Re4+ 0-1

[Event "EU-ch Seniors 07th"]
[Site "Hockenheim"]
[Date "2007.06.04"]
[Round "3"]
[White "Fahnenschmidt, Gerhard"]
[Black "Werner, Clemens"]
[Result "0-1"]
[WhiteElo "2134"]
[BlackElo "2295"]
[PlyCount "94"]
[EventDate "2007.06.02"]
[EventType "swiss"]
[EventRounds "9"]
[EventCountry "GER"]
[SourceTitle "CBM 118 Extra"]
[Source "ChessBase"]
[SourceDate "2007.07.04"]
[SourceVersion "1"]
[SourceVersionDate "2007.07.04"]
[SourceQuality "1"]

1. d4 Nf6 2. Nf3 g6 3. Bg5 Bg7 4. Nbd2 c5 5. e3 d6 6. Be2 0-0 7. 0-0 b6 8. c3 Bb7 9. b4 Nbd7 10. a4 Rc8 11. Qb3 cxd4 12. cxd4 a6 13. b5 a5 14. Rac1 h6 15. Bh4 Re8 16. e4 g5 17. Bg3 Nxe4 18. Nxe4 Bxe4 19. Bc4 Rf8 20. Rfe1 Nf6 21. Ne5 dxe5 22. dxe5 Nd7 23. Rxe4 Nc5 24. Qc2 Nxe4 25. Qxe4 Qd2 26. Rf1 Rfd8 27. h4 Qd4 28. Bxf7+ Kxf7 29. Qf5+ Kg8 30. hxg5 Qd5 31. gxh6 Bxh6 32. Qg6+ Bg7 33. e6 Rf8 34. Re1 Qf5 35. Qxf5 Rxf5 36. f4 Bd4+ 37. Kf1 Rc3 38. Re4 Rxg3 39. Rxd4 Rg4 40. g3 Rxg3 41. Kf2 Ra3 42. Ke2 Kg7 43. Rc4 Kf6 44. Rc6 Rxf4 45. Rxb6 Rh4 46. Rc6 Rh2+ 47. Kd1 Rg3 0-1

[Event "Bad Woerishofen Seniors opA 23rd"]
[Site "Bad Woerishofen"]
[Date "2007.03.11"]
[Round "4"]
[White "Fahnenschmidt, Gerhard"]
[Black "Goy, Udo"]
[Result "0-1"]
[WhiteElo "2140"]
[BlackElo "2217"]
[PlyCount "138"]
[EventDate "2007.03.08"]
[EventType "swiss"]
[EventRounds "9"]
[EventCountry "GER"]
[SourceTitle "EXT 2008"]
[Source "ChessBase"]
[SourceDate "2007.11.25"]
[SourceVersion "1"]
[SourceVersionDate "2007.11.25"]
[SourceQuality "1"]

1. c4 e6 2. d4 Nf6 3. Nc3 d5 4. cxd5 exd5 5. Bg5 Nbd7 6. e3 Be7 7. Bd3 c6 8. Nge2 0-0 9. 0-0 Re8 10. f3 c5 11. dxc5 Nxc5 12. Bb5 Bd7 13. Nf4 Bxb5 14. Nxb5 Qb6 15. Nd4 Qxb2 16. Rf2 Qa3 17. Bxf6 Bxf6 18. Nxd5 Be5 19. f4 Bxd4 20. exd4 Ne4 21. Rf3 Qa5 22. Qb3 Nd2 23. Nf6+ gxf6 24. Rg3+ Kf8 25. Qxb7 Qb6 26. Qd5 Rad8 27. Qc5+ Qxc5 28. dxc5 Ne4 29. Ra3 Nxc5 30. Rxa7 Re7 31. Rxe7 Kxe7 32. Re1+ Kf8 33. Re2 f5 34. g3 Ne4 35. g4 Rd4 36. gxf5 Nd6 37. Rf2 Nxf5 38. Kg2 Rd3 39. Rb2 Ra3 40. Kf2 Kg7 41. Ke2 Rh3 42. Kd1 Ne3+ 43. Kc1 Nd5 44. Rd2 Nxf4 45. Kb2 Ne6 46. a4 Nc5 47. a5 Rb3+ 48. Kc2 Ra3 49. Rd5 Rxa5 50. Kb1 Nb3 51. Rd3 Rb5 52. Kc2 Na5 53. Rg3+ Kf6 54. Rh3 Kg6 55. Kd1 Rh5 56. Rg3+ Rg5 57. Rh3 Nc4 58. Ke1 Ne5 59. Kf1 h5 60. Ra3 h4 61. Rb3 Kh5 62. Rb4 Rf5+ 63. Kg2 Rf2+ 64. Kh3 Rf3+ 65. Kg2 h3+ 66. Kg1 Ng4 67. Rb1 Rf2 68. Rb8 Rg2+ 69. Kh1 Nf2# 0-1

[Event "Bayern-chI Bank Hofmann 10th"]
[Site "Bad Wiessee"]
[Date "2006.11.05"]
[Round "2"]
[White "Fahnenschmidt, Gerhard"]
[Black "Laylo, Darwin"]
[Result "0-1"]
[WhiteElo "2145"]
[BlackElo "2448"]
[PlyCount "116"]
[EventDate "2006.11.04"]
[EventType "swiss"]
[EventRounds "9"]
[EventCountry "GER"]
[SourceTitle "EXT 2007"]
[Source "ChessBase"]
[SourceDate "2006.11.23"]
[SourceVersion "1"]
[SourceVersionDate "2006.11.23"]
[SourceQuality "1"]

1. c4 Nf6 2. Nc3 d5 3. cxd5 Nxd5 4. Nf3 g6 5. g3 Bg7 6. Bg2 0-0 7. 0-0 c5 8. d4 Nc6 9. Nxd5 Qxd5 10. Ne5 Qxd4 11. Nxc6 bxc6 12. Qc2 Bf5 13. e4 Be6 14. Rd1 Qc4 15. Qd2 h5 16. b3 Qd4 17. Qxd4 Bxd4 18. Rb1 a5 19. Bb2 Rfd8 20. Rd2 a4 21. bxa4 Rxa4 22. a3 Rb8 23. Bf1 Rxa3 24. Bxa3 Rxb1 25. Kg2 Bh3+ 26. Kxh3 Rxf1 27. Kg2 Ra1 28. Bb2 Ra2 29. Bc1 Rxd2 30. Bxd2 Bb2 31. Be3 c4 32. Kf1 c3 33. Bd4 c5 34. Bxc5 c2 35. Be3 c1Q+ 36. Bxc1 Bxc1 37. Ke2 Kg7 38. f4 Kf6 39. Kf3 e5 40. h3 Ke6 41. h4 Kf6 42. fxe5+ Kxe5 43. g4 Bf4 44. gxh5 gxh5 45. Kg2 Kxe4 46. Kh3 Kf5 47. Kg2 Kg4 48. Kg1 f5 49. Kg2 Be3 50. Kh1 f4 51. Kg2 Bd4 52. Kh2 f3 53. Kh1 Be5 54. Kg1 Kg3 55. Kh1 Bf6 56. Kg1 f2+ 57. Kf1 Bxh4 58. Ke2 Kg2 0-1

[Event "Stuttgart-chA int"]
[Site "Ditzingen"]
[Date "2006.05.28"]
[Round "7"]
[White "Aring, Gerd"]
[Black "Fahnenschmidt, Gerhard"]
[Result "0-1"]
[WhiteElo "2260"]
[BlackElo "2171"]
[PlyCount "40"]
[EventDate "2006.05.25"]
[EventType "swiss"]
[EventRounds "7"]
[EventCountry "GER"]
[SourceTitle "EXT 2018"]
[Source "ChessBase"]
[SourceDate "2017.10.13"]
[SourceVersion "1"]
[SourceVersionDate "2017.10.13"]
[SourceQuality "1"]

1. Nf3 c5 2. e3 Nc6 3. d4 d5 4. dxc5 Bg4 5. Be2 e6 6. 0-0 Bxc5 7. c4 dxc4 8. Qa4 Nf6 9. Rd1 Qe7 10. Qxc4 0-0 11. a3 Rfd8 12. Nbd2 e5 13. b4 Bb6 14. h3 Bxf3 15. Nxf3 Rxd1+ 16. Bxd1 e4 17. Nd2 Ne5 18. Qb3 Nd3 19. Bb2 Rd8 20. Bxf6 Qxf6 0-1

[Event "Stuttgart-chA int"]
[Site "Ditzingen"]
[Date "2006.05.25"]
[Round "2"]
[White "Fahnenschmidt, Gerhard"]
[Black "Andraschko, Felix"]
[Result "0-1"]
[WhiteElo "2171"]
[BlackElo "1977"]
[PlyCount "159"]
[EventDate "2006.05.25"]
[EventType "swiss"]
[EventRounds "7"]
[EventCountry "GER"]
[SourceTitle "EXT 2018"]
[Source "ChessBase"]
[SourceDate "2017.10.13"]
[SourceVersion "1"]
[SourceVersionDate "2017.10.13"]
[SourceQuality "1"]

1. c4 f5 2. d4 Nf6 3. Nc3 d6 4. Nf3 g6 5. h4 Bg7 6. h5 Nxh5 7. e4 fxe4 8. Ng5 Nf6 9. Ncxe4 Nxe4 10. Nxe4 Bf5 11. Ng3 Qd7 12. Bh6 Bf6 13. Nxf5 Qxf5 14. Bd3 Qa5+ 15. Bd2 Qb6 16. Rxh7 Rxh7 17. Bxg6+ Kd8 18. Bxh7 Qxd4 19. Bc3 Qxd1+ 20. Rxd1 Bxc3+ 21. bxc3 Nd7 22. f4 Ke8 23. Kf2 Kf7 24. Be4 Nc5 25. Bc2 Rh8 26. Kf3 e6 27. Rb1 b6 28. Be4 Na4 29. Bc6 Nxc3 30. Rb3 Nxa2 31. Rb2 Nc3 32. Rc2 Nb1 33. Ke3 Rh5 34. Ra2 Rc5 35. Bb5 Nc3 36. Rxa7 Nxb5 37. cxb5 Kf6 38. g4 e5 39. f5 d5 40. Ra8 Rxb5 41. Re8 Rb4 42. Re6+ Kf7 43. g5 Re4+ 44. Kd3 Rd4+ 45. Kc3 Rc4+ 46. Kb3 Rf4 47. g6+ Kg7 48. Re7+ Kg8 49. Rxe5 d4 50. Kc4 c6 51. Re8+ Kg7 52. Re7+ Kg8 53. Rf7 Rg4 54. Rf6 Rf4 55. Kd3 b5 56. Rf7 Rg4 57. Ke2 c5 58. Kf3 Rg1 59. Rb7 b4 60. Kf4 b3 61. Ke5 Re1+ 62. Kf6 Re8 63. Rg7+ Kf8 64. Rh7 Kg8 65. Rh2 Rb8 66. Rh1 b2 67. Rb1 Rb6+ 68. Ke7 Kg7 69. Kd7 c4 70. Kc7 Rb3 71. Kd6 c3 72. Ke7 Rb7+ 73. Ke6 Rb6+ 74. Ke5 c2 75. Rh1 c1Q 76. Rh7+ Kg8 77. Rd7 Qc5+ 78. Kf4 b1Q 79. Kg5 Qg1+ 80. Kh6 0-1